Catálogo público

Cría y mejoramiento del ganado / (Record no. 164320)

MARC details
000 -CABECERA
campo de control de longitud fija 00800nam a2200289Ia 4500
001 - NÚMERO DE CONTROL
campo de control Z_1232
003 - IDENTIFICADOR DEL NÚMERO DE CONTROL
campo de control CHAP
008 - DATOS DE LONGITUD FIJA--INFORMACIÓN GENERAL
campo de control de longitud fija 220113s1980 xx 000 0 und d
010 ## - NÚMERO DE CONTROL DE LA BIBLIOTECA DEL CONGRESO
Número de control de LC 164320
040 ## - FUENTE DE LA CATALOGACIÓN
Centro/agencia transcriptor CHAP
082 ## - NÚMERO DE LA CLASIFICACIÓN DECIMAL DEWEY
Número de clasificación 636.08 W3y
100 ## - ENTRADA PRINCIPAL--NOMBRE DE PERSONA
Nombre de persona Warwick, Everett James
9 (RLIN) 121126
245 ## - MENCIÓN DE TÍTULO
Título Cría y mejoramiento del ganado /
Mención de responsabilidad, etc. por Everett James Warwick y James Edward Legates
260 ## - PUBLICACIÓN, DISTRIBUCIÓN, ETC.
Lugar de publicación, distribución, etc. México, D. F. :
Nombre del editor, distribuidor, etc. Interamericana,
Fecha de publicación, distribución, etc. 1980
300 ## - DESCRIPCIÓN FÍSICA
Extensión 623 p. :
Otras características físicas ilus.
440 ## - MENCIÓN DE SERIE/PUNTO DE ACCESO ADICIONAL--TÍTULO
Título
500 ## - NOTA GENERAL
Nota general Trad. de: Breeding and improving of farm animals, 7 ed. de 1979
503 ## - NOTA DE HISTORIA BIBLIOGRÁFICA (BK CF MU) [OBSOLETO]
Nota de historia bibliográfica C/E
650 ## - PUNTO DE ACCESO ADICIONAL DE MATERIA--TÉRMINO DE MATERIA
Término de materia o nombre geográfico como elemento de entrada Ganadería
9 (RLIN) 44604
650 ## - PUNTO DE ACCESO ADICIONAL DE MATERIA--TÉRMINO DE MATERIA
Término de materia o nombre geográfico como elemento de entrada Genética animal I. Legates, James Edward II. t.
9 (RLIN) 138453
901 ## - ELEMENTOS DE DATOS A LOCAL LDA (RLIN)
a 636.08 W3y
902 ## - ELEMENTOS DE DATOS B LOCAL, LDB (RLIN)
a A
910 ## - DATOS DE OPCIÓN DEL USUARIO (OCLC)
Datos de opción del usuario 1980
942 ## - ELEMENTOS DE PUNTO DE ACCESO ADICIONAL (KOHA)
Tipo de ítem Koha Libro_
942 ## - ELEMENTOS DE PUNTO DE ACCESO ADICIONAL (KOHA)
Tipo de ítem Koha
Holdings
Estado de retiro Estado de pérdida Fuente del sistema de clasificación o colocación Estado dañado No para préstamo Código de colección Localización permanente Ubicación/localización actual Ubicación en estantería Fecha de adquisición Información codificada de la localización en otra ubicación Código de barras Fecha visto por última vez Número de copia Precio válido a partir de Tipo de ítem Koha Total de préstamos Fecha del último préstamo
    Dewey Decimal Classification     General Zootecnia Zootecnia   09/11/2005 1 z_1301 18/01/2022 1 18/01/2022 Libro    
    Dewey Decimal Classification     General Zootecnia Zootecnia   09/11/2005 1 z_1302 18/01/2022 2 18/01/2022 Libro    
    Dewey Decimal Classification     General Zootecnia Zootecnia   09/11/2005 1 z_1303 18/01/2022 3 18/01/2022 Libro    
    Dewey Decimal Classification     General Zootecnia Zootecnia   09/11/2005 1 z_1304 18/01/2022 4 18/01/2022 Libro    
    Dewey Decimal Classification     General Zootecnia Zootecnia   09/11/2005 1 z_1305 18/01/2022 5 18/01/2022 Libro    
    Dewey Decimal Classification     General Zootecnia Zootecnia   09/11/2005 1 z_1306 18/01/2022 6 18/01/2022 Libro    
    Dewey Decimal Classification     General Zootecnia Zootecnia   09/11/2005 1 z_3441 18/01/2022 7 18/01/2022 Libro    
    Dewey Decimal Classification     General Zootecnia Zootecnia   09/11/2005 1 z_3442 13/11/2024 8 18/01/2022 Libro 1 13/11/2024